Protein, calories, and development (Record no. 55189)

MARC details
000 -LEADER
fixed length control field 00883nam a2200217 a 4500
008 - FIXED-LENGTH DATA ELEMENTS--GENERAL INFORMATION
fixed length control field 120416s1979 ||||||||||||||||| || u
020 ## - INTERNATIONAL STANDARD BOOK NUMBER
International Standard Book Number 0891581855
050 ## - LIBRARY OF CONGRESS CALL NUMBER
Classification number HD 9000.5 Sch
100 ## - MAIN ENTRY--PERSONAL NAME
Personal name Schmitt, Bernard A., 1948-
245 10 - TITLE STATEMENT
Title Protein, calories, and development
246 ## - VARYING FORM OF TITLE
Title proper/short title nutritional variables in the economics of developing countries
260 ## - PUBLICATION, DISTRIBUTION, ETC.
Place of publication, distribution, etc. Boulder, [Colorado]
Name of publisher, distributor, etc. Westview Press
Date of publication, distribution, etc. 1979
300 ## - PHYSICAL DESCRIPTION
Extent xxi, 224 p.
350 ## - PRICE (NR) (BK AM CF MU VM SE) [OBSOLETE]
Price 0.00
490 ## - SERIES STATEMENT
Series statement Westview special studies in social, political, and economic development
500 ## - GENERAL NOTE
General note Based on the author's thesis. -Includes index. -Bibliography: p. 213-220.
650 ## - SUBJECT ADDED ENTRY--TOPICAL TERM
Topical term or geographic name entry element FOOD
650 #0 - SUBJECT ADDED ENTRY--TOPICAL TERM
Topical term or geographic name entry element NUTRITION--DEVELOPING COUNTRIES
650 #0 - SUBJECT ADDED ENTRY--TOPICAL TERM
Topical term or geographic name entry element FOOD SUPPLY
995 ## - RECOMMENDATION 995 [LOCAL, UNIMARC FRANCE]
-- 0.00
-- CBU-MAIN LIBRARY (Kitwe)
-- 1
-- 0.00
-- 1
-- AVAILABLE
-- Annex Low-Usage Collection
Holdings
Withdrawn status Lost status Source of classification or shelving scheme Damaged status Not for loan Home library Current library Shelving location Date acquired Total Checkouts Full call number Barcode Date last seen Price effective from Koha item type
          CBU-MAIN LIBRARY, KITWE. CBU-MAIN LIBRARY, KITWE.   11/30/2022   HD 9000.5 Sch 005341 11/30/2022 11/30/2022 MONOGRAPH